Sermoens do Padre Mestre Fr. Eusebio de Mattos religioso de N. Senhora do Carmo da provincia do Brasil

Detalles Bibliográficos
Autor principal: Mattos, Eusebio de
Formato: Libro
Lenguaje:Undetermined
Portuguese
Publicado: Lisboa : na officina de Miguel Deslandes, Impressor de Sua Magestade ; a custa de Antonio Leyte Pereyra, Mercador de Livros, 1694.
Materias:
Colección:Banco de datos
Acervo:Biblioteca Palafoxiana. Colección bibliográfica
Descripción Física:t. ; 4°
Tema general:Homilética
Notas:Número de localización: t.1 (16771)
LEADER 00661nam a2200169Ia 4500
008 150723s9999 xx 000 0 und d
041 0 |a por 
050 0 |a PAFX BV4207 M3 
100 1 |a Mattos, Eusebio de 
245 1 0 |a Sermoens do Padre Mestre Fr. Eusebio de Mattos religioso de N. Senhora do Carmo da provincia do Brasil 
260 |a Lisboa : na officina de Miguel Deslandes, Impressor de Sua Magestade ; a custa de Antonio Leyte Pereyra, Mercador de Livros, 1694. 
300 |a t. ; 4° 
500 |a Número de localización: t.1 (16771) 
650 1 0 |a Homilética 
942 |c PALALIB 
943 |g Biblioteca Palafoxiana. Colección bibliográfica 
999 |c 1053919  |d 1053919